[Event "WE Autunno B"]
[Site "Roma"]
[Date "2020.10.11"]
[Round "5"]
[White "Marseglia, Serena"]
[Black "Marchi, Alessandro"]
[Result "1-0"]
[WhiteElo "1245"]
[BlackElo "1370"]
[PlyCount "69"]
[EventDate "2020.10.??"]
[EventType "tourn"]
[EventRounds "5"]
[SourceVersionDate "2021.02.07"]

1. Nf3 d5 2. g3 Bf5 3. d4 e6 4. Bg2 Nd7 5. O-O Bd6 6. Nbd2 Ngf6 7. c4 b6 8. b3
c5 9. Bb2 cxd4 10. Nxd4 Bg6 11. cxd5 Nxd5 12. e4 e5 13. Nb5 N7f6 14. Nxd6+ Qxd6
15. exd5 O-O 16. Nc4 Qd8 17. Bxe5 Nd7 18. Re1 f6 19. Bf4 Rc8 20. Be4 f5 21. Bf3
Bf7 22. Nd6 Rc3 23. Nxf7 Rxf7 24. d6 h6 25. Bd5 Kf8 26. Bxf7 Kxf7 27. Qd5+ Kg6
28. Re6+ Kh7 29. Qxf5+ Kg8 30. Rae1 Nf6 31. Be5 Rc5 32. Qg6 Kf8 33. Bxf6 gxf6
34. Re8+ Qxe8 35. Rxe8# 1-0